|
|
|
|
| LEADER |
05503nam a2200757 a 4500 |
| 001 |
000012708 |
| 005 |
20171128151512.0 |
| 008 |
061218s1617 gw e lato |
| FMT |
|
|
|
| 040 |
|
|
|a SVKKK
|b slo
|c SVKKK
|e AACR2
|
| 041 |
0 |
|
|a lat
|
| 044 |
|
|
|a gw
|c DE
|
| 080 |
|
|
|a 347
|
| 080 |
|
|
|a (043.3)
|
| 080 |
|
|
|a (0.072)
|
| 100 |
1 |
|
|a Bachoff von Echt, Reiner,
|d 1575-1640
|4 aut
|
| 245 |
1 |
0 |
|a [Notae] Et A[nimad]versiones Ad Dispvtationes Hieronymi Treutleri JCti. Volvmen Privs
|b [Notae] Et A[nimad]versiones Ad Dispvtationes [H]ieronymi Treutleri JCti. Quibus omniaà Treutlero pro[p]osita, & pro ipso & adversus ipsum, ex Interpretum antiquorum praecipue opinionibus, tùm ex veris Iurisprudentiae principiis evolvuntur & explicantur. Autore Reinhardo Bachovio Echtio I. U. D. Bt In Academia Heidelbergensi ordinario Professore. Volvmen Privs. Adjectus est rerum notabilium (et) LL. Illustratarum Index.
|
| 260 |
|
|
|a Heidelbergae,
|b Typis Iohannis Lancelloti, Acad. Typogr.
|c Anno CIƆ IƆC XVII. Cum Priuilegio Caesareo. [=1617]
|
| 300 |
|
|
|a [8],1165,[15] s. )?(/4,A/4-Z/4,Aa/4-Zz/4,Aaa/4-Zzz/4,Aaaa/4-Zzzz/4,Aaaaa/4-Zzzzz/4,Aaaaaa/4-Zzzzzz/4,Aaaaaaa/4-Iiiiiii/4,Kkkkkkk/2 [=594] list.
|c 4°. 20x15,5 cm
|
| 500 |
|
|
|a V texte sa vyskytuje i gréc. a nem. jazyk.
|
| 500 |
|
|
|a Linky ozdobné, linky, inic. s ornam. pozadím vo voľ. priestore na 4, 5, 6, 7, 8 r., inic. s ornam.-fig. pozadím vo voľ. priestore na 7 r., verz. na 2 r., tlač dvojstĺpcová (registre), kustódy.
|
| 500 |
|
|
|a Defekt - titl. list poškodený. Text titl. listu doplnený podľa VD 17. Chybné stránkovanie: nam. s. 220 je s. 200; 277 je 276; 309 je 209; 478 je 678; 527 je 572; 528 je 428; 607 je 507; 622-623 sú 628-629; 626 je 627; 641 je 647; 644-645 sú 650-651; 648 je 654; 678 je 666; 747 je 474; 799 je 789; 835 je 853; 935 je 933; 981 je 985; 1067 je 1066.
|
| 504 |
|
|
|a Na zl. Hhhhhhh4-Iiiiiii4 "Index Rervm Et Qvaestionvm ..." Na zl. Kkkkkkk1-Kkkkkkk2a "Index Legum & §§ ..."
|
| 505 |
2 |
|
|a V diele sa nachádzajú dišputy: SCHOPPER, A. L.: De Iustitia; METZERAD, H. von: De Ivre Personarvm; HEURING, Ch.: De Ivrisdictione; QUALEN, H. von: De In Ivs Vocando; PAULI, I.: De Satisdationibvs, Feriis Et Dilationibus; SPINA, C. de: De Pactis; THILLIUS, I. E.: De Transactionibvs; BURCARDUS, I.: De Postvlando Et Infamia; SCHOPPER, A. L.: De Procvratoribvs Et Defensoribvs; BETTENDORFF, Ch. L. à: De Negotiis Gestis; SCHRODER, A.: De Restitvtionibvs In Integrvm; SCHEFFER, G.: De Judiciis; DRACHSTEDT, J.: De Inofficioso Testamento; SCHELTING, J.: De Petitione Hered.; QUALEN, H. von: De Vsvfrvctv; BOHN, I. Ph.: De Servitvtibvs Realibvs; GOTTWALT, W.: De Mvtvo, SCto Macedoniano; bez autora: De Lege Aqvilia; De Mixtis Ivdiciis; De Ivreivrando; De Condictionibvs Ex Promvtvo; De Condictione Ex Lege Et Triticiaria, &c.; De Commodato Et Actionibvs Ex Aliorvm Contractv; De Senatusconsulto Velleiano, &c.; De Deposito; De Mandato Et Societate; De Emptione Venditione; De Locatione Condvctione Et Emphystevsi; De Praescriptis Verbis.
|
| 508 |
|
|
|a Na zl. )?(2-)?(3a ded. autora "... Dn. Dionysio Gothofredo. Dn. Philippo Hoffmanno. Dn. Danieli Nebelio; Iureconsultis & in Incluta Heidelbergensi Academia Antecessoribus ..." v závere s textom: "Ex Musaeo prid. Non. Aprilis. CIƆ IƆC XVII" Na zl. )?(3b-)?(4 nesignov. úvod autora čitateľovi.
|
| 510 |
4 |
|
|a VD 17 (1:013385E); STT; HAB; GBV; IT\ICCU\CFIE\015466; CCFR; COPAC
|
| 561 |
|
|
|a Peč.: Štátna vedecká knižnica v Košiciach. Rkp.: I. Wismanni.
|
| 563 |
|
|
|a Lepenka, pergamen s rámc. link. a centrálnou ornam. slepotlačou, na chrbte stopy so zlát. textom: "Baehovius Ad Treutleri Tom. I."
|
| 653 |
1 |
|
|a občianske právo
|
| 653 |
1 |
|
|a dizertácie
|
| 653 |
1 |
|
|a komentáre
|
| 700 |
1 |
|
|a Bachoff von Echt, Reiner,
|d 1575-1640
|4 aui
|4 dto
|
| 700 |
1 |
|
|a Treutler, Hieronymus,
|d 1565-1607
|4 aut
|
| 700 |
1 |
|
|a Godefroy, Denis,
|d 1549-1622
|4 dte
|
| 700 |
1 |
|
|a Hofmann, Philipp
|d ?-1626
|4 dte
|
| 700 |
1 |
|
|a Schopper, Andreas Ludwig
|d 1589-1673
|4 oth
|
| 700 |
1 |
|
|a Metzerad, Heinrich von
|d 1593-1662
|4 oth
|
| 700 |
1 |
|
|a Heuring, Christophor
|4 oth
|
| 700 |
1 |
|
|a Qualen, Heinrich von
|4 oth
|
| 700 |
1 |
|
|a Pauli, Iohannes
|4 oth
|
| 700 |
1 |
|
|a Spina, Conradus de
|d 1594-1645
|4 oth
|
| 700 |
1 |
|
|a Thillius, Iohannes Engelbert
|4 oth
|
| 700 |
1 |
|
|a Burcardus, Iohannes
|4 oth
|
| 700 |
1 |
|
|a Bettendorff, Christophorus Ludovicus à
|4 oth
|
| 700 |
1 |
|
|a Schroder, Ancharius
|4 oth
|
| 700 |
1 |
|
|a Scheffer, Gerlach
|4 oth
|
| 700 |
1 |
|
|a Drachstedt, Johannes
|4 oth
|
| 700 |
1 |
|
|a Schelting, Jodocus
|4 oth
|
| 700 |
1 |
|
|a Bohn, Joannes Philippus
|4 oth
|
| 700 |
1 |
|
|a Gottwalt, Wolfgang
|4 oth
|
| 700 |
1 |
|
|a Wismannus, I.
|4 sgn
|
| 710 |
1 |
|
|a Nebel, Daniel
|d ?-1626
|4 dte
|
| 710 |
0 |
|
|a Lancelot, Johann,
|c Heidelberg,
|d 1597-1619
|4 prt
|
| 752 |
|
|
|a Nemecko
|d Heidelberg
|
| 852 |
|
|
|p II.102106
|
| 904 |
|
|
|a cf--y---abbdaia--yyyb-1001--
|
| 905 |
|
|
|a af-a0bc-
|5 -------
|
| 910 |
|
|
|a svkkk
|
| 997 |
|
|
|a Treutler, Hieronymus: Selectarum Disputationum Ad Ius Civile Libri p. Bachoff von Echt, Reiner: [Notae] Et A[nimad]versiones Ad Dispvtationes Hieronymi Treutleri JCti. Volvmen Privs
|4 aut
|
| 997 |
|
|
|a Hoffmannus, Philippus p. Hofmann, Philipp
|4 dte
|
| 997 |
|
|
|a Nebelius, Daniel p. Nebel, Daniel
|4 dte
|
| 997 |
|
|
|a Schopper, Andreas Ludovicus p. Schopper, Andreas Ludwig
|4 oth
|
| 997 |
|
|
|a Mezrad, Henricus à p. Metzerad, Heinrich von
|4 oth
|
| 997 |
|
|
|a Qualen, Henricus à p. Qualen, Heinrich von
|4 oth
|
| 998 |
|
|
|a ST17
|
| BAS |
|
|
|